| 000 | 00527nam a2200181Ia 4500 | ||
|---|---|---|---|
| 999 |
_c8945 _d8945 |
||
| 003 | OSt | ||
| 005 | 20210811111335.0 | ||
| 008 | 151021s9999 xx 000 0 und d | ||
| 020 | _a9.7803335445e+012 | ||
| 040 |
_aMMU _beng _cMMU _dMMU |
||
| 050 | _aSB 269 .C 1992 | ||
| 245 |
_aThe Tropical Agriculturalist Coffee Growing/ _cCambrong H. R. |
||
| 260 |
_aNetherlands : _b Macmillan, _c1992. |
||
| 300 |
_avii,119 p. : _b ill. ; |
||
| 500 | _aIncludes index | ||
| 942 |
_2lcc _cLOAN LOAN |
||
| 980 | _a^d20120329 09:46:48^okorir | ||